[Event "Veletrzni turnaj 2021"]
[Site "?"]
[Date "2021.08.29"]
[Round "1.1"]
[White "Fiala, Vaclav"]
[Black "Tajovsky, Simon"]
[Result "1-0"]
[WhiteElo "2307"]
[BlackElo "1607"]
[PlyCount "39"]
[EventDate "2021.08.29"]
[SourceDate "2021.08.29"]

1. e4 c5 2. c3 d5 3. exd5 Qxd5 4. d4 Nc6 5. Nf3 Bg4 6. Be2 e6 7. h3 Bh5 8. c4
Qd6 9. d5 exd5 10. cxd5 Nb4 11. Bb5+ Kd8 12. O-O Nf6 13. Nc3 Nbxd5 14. Nxd5
Nxd5 15. Qb3 Kc7 16. Rd1 Bxf3 17. Qxf3 Qb6 18. Qxf7+ Ne7 19. Rd7+ Kb8 20. Bf4+
1-0

[Event "Veletrzni turnaj 2021"]
[Site "Brno"]
[Date "2021.08.29"]
[Round "1.2"]
[White "Setina, Vaclav"]
[Black "Pokorny, Petr"]
[Result "1/2-1/2"]
[WhiteElo "1607"]
[BlackElo "2162"]
[PlyCount "122"]
[EventDate "2021.08.29"]

1. e4 g6 2. d4 Bg7 3. Nf3 d6 4. c4 Nf6 5. Nc3 O-O 6. Be2 Nbd7 7. O-O e5 8. dxe5
dxe5 9. b3 c6 10. Bb2 Qc7 11. Qc2 Re8 12. Rfd1 Nc5 13. b4 Ne6 14. Na4 Nf4 15.
h3 Nxe2+ 16. Qxe2 Nh5 17. Nc5 Nf4 18. Qc2 Bf8 19. Qd2 f6 20. Nb3 Be6 21. c5
Rad8 22. Qc2 Qc8 23. Ne1 Re7 24. Nd3 Nxd3 25. Rxd3 Rxd3 26. Qxd3 Rd7 27. Qf3
Kg7 28. Rd1 Qd8 29. Rxd7+ Qxd7 30. Qe2 Be7 31. Kf1 b6 32. Qc2 Bxb3 33. axb3
bxc5 34. bxc5 Bxc5 35. Ke2 Bd4 36. Qd3 c5 37. Bc1 Qb7 38. Bd2 a6 39. f3 Qb5 40.
Qc4 f5 41. g3 Kf6 42. Kd3 Bf2 43. Qxb5 axb5 44. g4 f4 45. Ba5 Ke6 46. Bc7 Bd4
47. Ba5 Kd7 48. Be1 Bb2 49. Bh4 Kc7 50. Be7 Kb6 51. Bd8+ Kc6 52. Bf6 Kd6 53.
Bh4 Ba3 54. Be1 Bb4 55. Bh4 Ba5 56. Bf2 g5 57. Bg1 Be1 58. Ke2 Bc3 59. Kd3 Bd4
60. Bxd4 exd4 61. b4 c4+ 1/2-1/2

[Event "Veletrzni turnaj 2021"]
[Site "Brno"]
[Date "2021.08.29"]
[Round "1.3"]
[White "Jires, Jiri"]
[Black "Svec, Ludek"]
[Result "1/2-1/2"]
[WhiteElo "2144"]
[BlackElo "1549"]
[PlyCount "56"]
[EventDate "2021.08.29"]

1. e4 c5 2. Nc3 e6 3. Nf3 Nc6 4. d4 cxd4 5. Nxd4 Nf6 6. Be2 Bb4 7. O-O O-O 8.
Qd3 d5 9. exd5 exd5 10. Bg5 Be6 11. Nxc6 bxc6 12. Bf3 h6 13. Bh4 Be7 14. Ne2
Re8 15. Nd4 Bd7 16. Nf5 Bxf5 17. Qxf5 Qc8 18. Qd3 Ne4 19. Bxe7 Rxe7 20. Rfe1
Qb7 21. b3 Rae8 22. Bxe4 Rxe4 23. Rxe4 Rxe4 24. Kf1 c5 25. Re1 Rxe1+ 26. Kxe1
d4 27. f3 Qc7 28. g3 Qa5+ 1/2-1/2

[Event "Veletrzni turnaj 2021"]
[Site "Brno"]
[Date "2021.08.29"]
[Round "1.4"]
[White "Rychtecky, Pavel"]
[Black "Glozar, Petr"]
[Result "0-1"]
[WhiteElo "1543"]
[BlackElo "2110"]
[PlyCount "50"]
[EventDate "2021.08.29"]

1. e4 c5 2. Nf3 e6 3. d4 cxd4 4. Nxd4 a6 5. Bd3 Qc7 6. O-O Nf6 7. c4 Be7 8. Nc3
O-O 9. Kh1 d6 10. f4 Nbd7 11. Qe2 b6 12. Bd2 Bb7 13. Rac1 Rfd8 14. Rce1 Rac8
15. b4 Bf8 16. e5 dxe5 17. Nxe6 fxe6 18. fxe5 Qxe5 19. Qf2 Qd6 20. Be4 Nxe4 21.
Nxe4 Bxe4 22. Rxe4 Nf6 23. Re2 Rxc4 24. a3 Be7 25. Bf4 Rxf4 0-1

[Event "Veletrzni turnaj 2021"]
[Site "Brno"]
[Date "2021.08.29"]
[Round "1.5"]
[White "Volak, Simon"]
[Black "Ivan, Laszlo"]
[Result "1-0"]
[WhiteElo "2035"]
[BlackElo "1533"]
[PlyCount "37"]
[EventDate "2021.08.29"]

1. e4 e6 2. d4 d5 3. Nd2 dxe4 4. Nxe4 Be7 5. Nf3 Nf6 6. Bd3 Bd7 7. O-O Bc6 8.
Qe2 O-O 9. Bd2 Nbd7 10. Ng3 Re8 11. Rad1 Nf8 12. c3 Ng6 13. Ne5 Nxe5 14. dxe5
Qd5 15. f3 Nd7 16. Bf4 Bc5+ 17. Kh1 Qxa2 18. Bc4 Qa4 19. Ra1 1-0

[Event "Veletrzni turnaj 2021"]
[Site "Brno"]
[Date "2021.08.29"]
[Round "1.6"]
[White "Krystl, Jaromir"]
[Black "Meszaros, Ludek"]
[Result "1-0"]
[WhiteElo "1514"]
[BlackElo "2027"]
[PlyCount "69"]
[EventDate "2021.08.29"]

1. e4 c5 2. Nf3 d6 3. d4 cxd4 4. Nxd4 Nf6 5. Nc3 g6 6. f4 Nbd7 7. Be2 Bg7 8. g4
O-O 9. g5 Ne8 10. Be3 Nc7 11. f5 Ne5 12. Qd2 b5 13. f6 exf6 14. Ncxb5 Bb7 15.
O-O fxg5 16. Bxg5 f6 17. Bf4 Bxe4 18. Qe3 Bd5 19. b3 Re8 20. Qf2 f5 21. Rad1
Nf7 22. Nxc7 Qxc7 23. Bb5 Re4 24. Nxf5 Bb7 25. Nxg7 Kxg7 26. Rd4 Qe7 27. Bd3
Ng5 28. Qg3 Rxd4 29. Bxg5 Qd7 30. Bf6+ Kg8 31. Bxd4 Qe6 32. Bc4 d5 33. Re1 Qd7
34. Bd3 Qf7 35. Qe5 1-0

[Event "Veletrzni turnaj 2021"]
[Site "?"]
[Date "2021.08.29"]
[Round "1.7"]
[White "Tajovsky, Matej"]
[Black "Hayrumyan, Artur"]
[Result "1-0"]
[WhiteElo "2025"]
[BlackElo "1511"]
[PlyCount "47"]
[EventDate "2021.??.??"]
[SourceDate "2021.08.29"]

1. e4 e5 2. Nf3 d6 3. Nc3 a6 4. d4 f5 5. dxe5 fxe4 6. Nxe4 d5 7. Ng3 Bg4 8. Be2
Nc6 9. O-O Qd7 10. e6 Bxe6 11. Ng5 O-O-O 12. Nxe6 Qd6 13. Bf4 Qe7 14. Nxd8 Qxd8
15. Bf3 Qh4 16. Qe2 h6 17. Bxd5 g5 18. Bxc6 Qxf4 19. Bd7+ Kd8 20. Rad1 Bd6 21.
Be6 Qf6 22. Bxg8 Rxg8 23. Ne4 Qe5 24. Nxd6 1-0

[Event "Veletrzni turnaj 2021"]
[Site "Brno"]
[Date "2021.08.29"]
[Round "1.8"]
[White "Hakl, Jaroslav"]
[Black "Sipek, Michal"]
[Result "0-1"]
[WhiteElo "1471"]
[BlackElo "2021"]
[PlyCount "78"]
[EventDate "2021.08.29"]

1. Nf3 Nf6 2. g3 g6 3. Bg2 Bg7 4. d4 d6 5. c4 c5 6. Nc3 cxd4 7. Nxd4 O-O 8. O-O
Qc7 9. Qd3 Nbd7 10. Ncb5 Qd8 11. Qc2 Nc5 12. e4 a6 13. Nc3 Bd7 14. a4 Qc7 15.
Nde2 a5 16. Nb5 Bxb5 17. cxb5 Rac8 18. Nc3 Qd7 19. f4 Ng4 20. Rd1 Ne6 21. e5
Qc7 22. Kh1 dxe5 23. Qe2 h5 24. h3 Nd4 25. Rxd4 exd4 26. Nd5 Qxc1+ 27. Rxc1
Rxc1+ 28. Bf1 Ne3 29. Nxe3 dxe3 30. Kg2 Rfc8 31. Kf3 R8c2 32. Qd3 Rxf1+ 33.
Kxe3 Re1+ 34. Kf3 Rce2 35. Qd8+ Kh7 36. Qxa5 Re3+ 37. Kf2 R1e2+ 38. Kf1 Rxb2
39. Qb6 Ra3 0-1

[Event "Veletrzni turnaj 2021"]
[Site "Brno"]
[Date "2021.08.29"]
[Round "1.9"]
[White "Kuchar, Matej"]
[Black "Ulcak, Michael"]
[Result "1/2-1/2"]
[WhiteElo "1998"]
[BlackElo "1470"]
[PlyCount "59"]
[EventDate "2021.08.29"]

1. e4 e5 2. Nf3 Nc6 3. Bb5 Nf6 4. O-O Nxe4 5. d4 Nd6 6. Ba4 Be7 7. dxe5 Nf5 8.
Nc3 O-O 9. Nd5 b6 10. Nxe7+ Qxe7 11. Re1 Bb7 12. Qd3 Nh4 13. Nxh4 Qxh4 14. Re4
Qe7 15. Qg3 Qe6 16. Bb3 d5 17. Bg5 Kh8 18. Rae1 Ne7 19. Bxe7 Qxe7 20. Rd4 c5
21. Rh4 f5 22. c3 Rad8 23. f4 d4 24. Rh3 d3 25. Qg6 h6 26. Rd1 c4 27. Bxc4 Qc5+
28. Kh1 Qxc4 29. Rxh6+ gxh6 30. Qxh6+ 1/2-1/2

[Event "Veletrzni turnaj 2021"]
[Site "Brno"]
[Date "2021.08.29"]
[Round "1.10"]
[White "Lukas, Ondrej"]
[Black "Mares, Jaroslav"]
[Result "1/2-1/2"]
[WhiteElo "1452"]
[BlackElo "1938"]
[PlyCount "73"]
[EventDate "2021.08.29"]

1. e4 e6 2. d4 d5 3. Nc3 Nf6 4. Bg5 dxe4 5. Nxe4 Be7 6. Bxf6 Bxf6 7. Nf3 Nc6 8.
c3 g6 9. Bd3 Bg7 10. O-O O-O 11. Qc2 e5 12. dxe5 Nxe5 13. Nxe5 Bxe5 14. f4 Bg7
15. Ng3 f5 16. Bc4+ Kh8 17. Kh1 Qf6 18. Qb3 b6 19. Rad1 Bb7 20. Bd5 c6 21. Bf3
Rad8 22. Ne2 Rxd1 23. Rxd1 Rd8 24. Rxd8+ Qxd8 25. Qa4 a6 26. Nd4 Bxd4 27. Qxd4+
Qxd4 28. cxd4 Kg7 29. Kg1 Kf6 30. Kf2 Ke6 31. Ke3 Kd6 32. Kd3 Bc8 33. g3 Be6
34. a3 Bd5 35. Be2 a5 36. Bd1 h6 37. h4 1/2-1/2

[Event "Veletrzni turnaj 2021"]
[Site "Brno"]
[Date "2021.08.29"]
[Round "1.11"]
[White "Hladky, Tadeas"]
[Black "Habinova, Alice"]
[Result "1-0"]
[WhiteElo "1908"]
[BlackElo "1418"]
[PlyCount "57"]
[EventDate "2021.08.29"]

1. e4 c5 2. Nf3 Nc6 3. Bb5 d6 4. O-O Nf6 5. Re1 Bg4 6. h3 Bh5 7. d3 e6 8. Nbd2
Be7 9. Nf1 O-O 10. Bxc6 bxc6 11. Ng3 Bxf3 12. Qxf3 d5 13. e5 Nd7 14. Qg4 Kh8
15. Nh5 Rg8 16. c4 Nf8 17. Be3 f6 18. exf6 gxf6 19. Qe2 e5 20. Rac1 Ne6 21. f4
Qc7 22. cxd5 cxd5 23. b4 d4 24. Bd2 Qb6 25. fxe5 f5 26. Qf3 Raf8 27. Bh6 Rf7
28. bxc5 Nxc5 29. e6 1-0

[Event "Veletrzni turnaj 2021"]
[Site "Brno"]
[Date "2021.08.29"]
[Round "1.12"]
[White "Sojka, Oldrich"]
[Black "Wunsch, Radek"]
[Result "0-1"]
[WhiteElo "1417"]
[BlackElo "1895"]
[PlyCount "66"]
[EventDate "2021.08.29"]

1. e4 Nc6 2. Nc3 e5 3. a3 Nf6 4. Bc4 Nxe4 5. Qf3 Nf6 6. Nge2 d6 7. h3 Be6 8.
Bxe6 fxe6 9. d3 Be7 10. Bd2 O-O 11. O-O-O Qd7 12. g4 Rab8 13. Qg2 b5 14. Na2 a5
15. f4 b4 16. a4 b3 17. cxb3 Rxb3 18. Bc3 Nd5 19. fxe5 Ne3 20. Qe4 Nxd1 21.
Rxd1 dxe5 22. d4 exd4 23. Nxd4 Nxd4 24. Rxd4 Bd6 25. Rd1 Qf7 26. Kc2 Rbb8 27.
Nc1 Bb4 28. Be5 Qf2+ 29. Ne2 Rbd8 30. Bd4 Qf7 31. Qe5 c5 32. Be3 Rxd1 33. Kxd1
Qf1+ 0-1

[Event "Veletrzni turnaj 2021"]
[Site "Brno"]
[Date "2021.08.29"]
[Round "1.13"]
[White "Lukas, Frantisek"]
[Black "Sepsi, Jakub"]
[Result "1-0"]
[WhiteElo "1879"]
[BlackElo "1400"]
[PlyCount "109"]
[EventDate "2021.08.29"]

1. d4 d5 2. c4 e6 3. Nc3 Nf6 4. cxd5 exd5 5. Bg5 Be7 6. e3 O-O 7. Bd3 Be6 8.
Nf3 Nc6 9. O-O h6 10. Bh4 Rb8 11. a3 a6 12. b4 Na7 13. Rb1 Ne8 14. Bxe7 Qxe7
15. a4 Nf6 16. b5 axb5 17. axb5 Nc8 18. Ra1 Nd6 19. Qc2 Ra8 20. Ra4 Rfc8 21.
Rfa1 Qe8 22. Ne5 Rxa4 23. Qxa4 Nd7 24. Nxd7 Qxd7 25. h3 c6 26. bxc6 Qxc6 27.
Qxc6 bxc6 28. Ra6 Bf5 29. Be2 Ne4 30. Na4 Be6 31. Bd3 g6 32. f3 Nf6 33. Nc5 g5
34. Bc2 Nd7 35. Nxe6 fxe6 36. Ba4 Nb8 37. Ra8 Rf8 38. Kf2 Kf7 39. Ra7+ Kf6 40.
Rc7 Na6 41. Rxc6 Ra8 42. Bb3 Nb4 43. Rb6 Nd3+ 44. Kg3 Kf5 45. Bc2 Ra3 46. e4+
dxe4 47. fxe4+ Kxe4 48. Rxe6+ Kxd4 49. Rd6+ Kc4 50. Rxd3 Rxd3+ 51. Bxd3+ Kxd3
52. Kg4 Ke4 53. Kh5 Kf5 54. g4+ Kf6 55. Kxh6 1-0

[Event "Veletrzni turnaj 2021"]
[Site "Brno"]
[Date "2021.08.29"]
[Round "1.14"]
[White "Sauman, Petr"]
[Black "Marsa, Alexandr"]
[Result "0-1"]
[WhiteElo "1346"]
[BlackElo "1863"]
[PlyCount "104"]
[EventDate "2021.08.29"]

1. d4 d5 2. c4 e6 3. Nc3 c6 4. cxd5 exd5 5. Nf3 Bf5 6. a3 Bd6 7. e3 Nd7 8. Be2
Ngf6 9. O-O h6 10. Nh4 Bh7 11. b4 Bxh2+ 12. Kxh2 Ne4 13. g3 Nxc3 14. Qc2 Nxe2
15. Qxe2 O-O 16. Bb2 Nb6 17. a4 Nc4 18. Bc3 Re8 19. Nf3 Re4 20. Nd2 Nxd2 21.
Bxd2 Qe7 22. Qf3 Re8 23. a5 Qd6 24. Kg1 Qg6 25. Qg2 Rg4 26. Kh2 Qh5+ 27. Qh3
Qxh3+ 28. Kxh3 Bf5 29. Kh2 Bd3 30. Rfe1 Be4 31. Rf1 Bf3 32. Rfc1 Rg5 33. g4
Rxg4 34. Rg1 Ree4 35. Rxg4 Rxg4 36. Rg1 Rh4+ 37. Kg3 Rg4+ 38. Kh2 Rxg1 39. Kxg1
g5 40. Kh2 Kg7 41. Kg3 Be2 42. f4 f6 43. fxg5 fxg5 44. Kh3 Kg6 45. Be1 Kf5 46.
Bf2 Ke4 47. Kg3 h5 48. Bg1 h4+ 49. Kf2 Bf3 50. Kf1 g4 51. Kf2 g3+ 52. Kf1 h3
0-1

[Event "Veletrzni turnaj 2021"]
[Site "Brno"]
[Date "2021.08.29"]
[Round "1.15"]
[White "Vaculik, Martin"]
[Black "Soucek, Andrej"]
[Result "1-0"]
[WhiteElo "1862"]
[BlackElo "1318"]
[PlyCount "59"]
[EventDate "2021.08.29"]

1. d4 Nf6 2. c4 g6 3. f3 d5 4. cxd5 Nxd5 5. e4 Nf6 6. Be3 Bg7 7. Nc3 O-O 8. Bc4
c6 9. Qd2 b5 10. Bb3 a5 11. a3 Nbd7 12. e5 Ne8 13. f4 e6 14. Nf3 Nb6 15. O-O
Nc7 16. Rac1 Bb7 17. Ne4 Ne8 18. Nc5 Qe7 19. d5 Nxd5 20. Bxd5 exd5 21. Nxb7
Qxb7 22. Bc5 Nc7 23. Bxf8 Bxf8 24. f5 c5 25. Qf4 b4 26. fxg6 hxg6 27. Ng5 Ne6
28. Nxe6 fxe6 29. Qf6 Re8 30. Qxg6+ 1-0

[Event "Veletrzni turnaj 2021"]
[Site "Brno"]
[Date "2021.08.29"]
[Round "1.16"]
[White "Kuncicka, Klara"]
[Black "Stehlik, Jiri"]
[Result "0-1"]
[WhiteElo "1279"]
[BlackElo "1847"]
[PlyCount "94"]
[EventDate "2021.08.29"]

1. e4 c5 2. Nf3 Nc6 3. d4 cxd4 4. Nxd4 g6 5. Nc3 Bg7 6. Be3 Nf6 7. Be2 O-O 8.
O-O d6 9. Kh1 Bd7 10. f4 Nxd4 11. Bxd4 Bc6 12. e5 dxe5 13. Bxe5 Qxd1 14. Raxd1
Rfd8 15. Kg1 Rac8 16. Bd3 a6 17. Rd2 Rd7 18. Rfd1 Rcd8 19. a3 e6 20. Re2 h5 21.
h3 Kf8 22. Kf1 h4 23. Ke1 Nh5 24. Bxg7+ Kxg7 25. Rf2 Ng3 26. Be2 Nh1 27. Rxd7
Rxd7 28. Bd3 Nxf2 29. Kxf2 f6 30. g3 g5 31. fxg5 fxg5 32. g4 Rf7+ 33. Kg1 Rf3
34. Bf1 Kf6 35. Ne2 Bb5 36. Kg2 Re3 37. Nc3 Bxf1+ 38. Kxf1 Rxh3 39. Kg2 Rg3+
40. Kh2 Rxg4 41. Kh3 Rd4 42. Nb1 Kf5 43. Kg2 Rd1 44. Nc3 Rd2+ 45. Kh3 Rxc2 46.
Nd1 Kf4 47. Nc3 g4+ 0-1

[Event "Veletrzni turnaj 2021"]
[Site "Brno"]
[Date "2021.08.29"]
[Round "1.17"]
[White "Rehurek, Karel"]
[Black "Smidek, Prokop"]
[Result "1-0"]
[WhiteElo "1798"]
[BlackElo "1262"]
[PlyCount "63"]
[EventDate "2021.08.29"]

1. e4 e5 2. Nf3 Nc6 3. Bc4 Nd4 4. c3 Nxf3+ 5. Qxf3 Qf6 6. Qxf6 Nxf6 7. d3 c6 8.
Bg5 Be7 9. O-O d6 10. Nd2 Be6 11. Bxe6 fxe6 12. Nc4 O-O 13. f4 exf4 14. Rxf4 d5
15. e5 dxc4 16. exf6 Bxf6 17. Bxf6 Rxf6 18. Rxc4 Raf8 19. Rb4 b5 20. a4 a6 21.
axb5 axb5 22. h3 Rf4 23. Rxf4 Rxf4 24. Ra6 c5 25. Rxe6 b4 26. Re5 c4 27. d4 b3
28. Re2 Rf6 29. Rf2 Rxf2 30. Kxf2 Kf7 31. Kf3 Kf6 32. Ke4 1-0

[Event "Veletrzni turnaj 2021"]
[Site "?"]
[Date "2021.08.29"]
[Round "1.18"]
[White "Karafiat, Vojtech"]
[Black "Zuziak, Petr"]
[Result "0-1"]
[WhiteElo "1225"]
[BlackElo "1797"]
[PlyCount "42"]
[EventDate "2021.??.??"]

1. d4 Nf6 2. Bf4 g6 3. Nc3 d5 4. Qd2 Bg7 5. O-O-O O-O 6. Bh6 c5 7. Bxg7 Kxg7 8.
Qf4 cxd4 9. Rxd4 Nc6 10. Rd1 e5 11. Qf3 Be6 12. e3 Bg4 13. Qg3 Bxd1 14. Nxd1
Ne4 15. Qf3 Qa5 16. a3 Nb4 17. c3 Na2+ 18. Kc2 Qa4+ 19. b3 Qxa3 20. Nb2 Naxc3
21. Ne2 Rac8 0-1

[Event "Veletrzni turnaj 2021"]
[Site "Brno"]
[Date "2021.08.29"]
[Round "1.19"]
[White "Hrdlicka, Vladan"]
[Black "Hladky, Mikulas"]
[Result "1-0"]
[WhiteElo "1769"]
[BlackElo "1223"]
[PlyCount "115"]
[EventDate "2021.08.29"]

1. e4 e5 2. Nf3 Nc6 3. Nc3 Nf6 4. d4 exd4 5. Nxd4 Bb4 6. Nxc6 bxc6 7. Bd3 O-O
8. O-O Bxc3 9. bxc3 Rb8 10. Be3 a5 11. c4 d5 12. exd5 cxd5 13. c5 d4 14. Bd2
Ra8 15. Qf3 Qd5 16. Qxd5 Nxd5 17. Rab1 Be6 18. Rb7 Rfc8 19. a3 c6 20. f4 f6 21.
Re1 Bf7 22. Bxh7+ Kxh7 23. Rxf7 Re8 24. Kf2 Kg6 25. Rxe8 Rxe8 26. Ra7 Rb8 27.
Ke2 Re8+ 28. Kd3 Ne3 29. g3 Nf1 30. Rxa5 Nxh2 31. Ra7 Nf3 32. a4 Ne1+ 33. Bxe1
Rxe1 34. g4 Rg1 35. Rd7 Rxg4 36. Rxd4 Rg3+ 37. Ke4 Rc3 38. f5+ Kg5 39. a5 Rxc5
40. Ra4 Rb5 41. a6 Rb8 42. a7 Ra8 43. Ra3 Kg4 44. Ra1 Kg5 45. Rg1+ Kh6 46. Ra1
Kg5 47. c4 c5 48. Rg1+ Kh6 49. Ra1 Kg5 50. Ra5 g6 51. fxg6 Kxg6 52. Kd5 f5 53.
Kc6 f4 54. Kb7 Rxa7+ 55. Kxa7 f3 56. Ra3 Kf5 57. Rxf3+ Ke4 58. Kb6 1-0

[Event "Veletrzni turnaj 2021"]
[Site "Brno"]
[Date "2021.08.29"]
[Round "1.20"]
[White "Buchta, Vaclav"]
[Black "Haupt, Jaromir"]
[Result "0-1"]
[WhiteElo "1119"]
[BlackElo "1743"]
[PlyCount "80"]
[EventDate "2021.08.29"]

1. b3 Nf6 2. Bb2 g6 3. g4 Bg7 4. h4 h6 5. e3 c5 6. Bh3 d5 7. d3 Nc6 8. Nd2 b6
9. Ne2 Kf8 10. Ng3 e5 11. Qe2 Ba6 12. Qf3 Qe7 13. O-O-O Bb7 14. Qe2 a5 15. a4
Ba6 16. Qf3 Bb7 17. Rhf1 Nb4 18. d4 e4 19. Qe2 Ba6 20. c4 Nd3+ 21. Kc2 Nxb2 22.
Kxb2 cxd4 23. exd4 Qb4 24. Qe1 dxc4 25. Nxc4 Bxc4 26. Qxb4+ axb4 27. bxc4 Rxa4
28. Kb3 Ra3+ 29. Kxb4 Rf3 30. d5 Nd7 31. g5 Nc5 32. Kb5 Rb3+ 33. Kc6 hxg5 34.
Bg2 gxh4 35. Nxe4 h3 36. Bh1 Nxe4 37. Bxe4 Bf6 38. d6 Kg7 39. Rb1 Rc8+ 40. Kd5
Rc5# 0-1

[Event "Veletrzni turnaj 2021"]
[Site "Brno"]
[Date "2021.08.29"]
[Round "1.21"]
[White "Neduchal, Jiri"]
[Black "Luc, Martin"]
[Result "1-0"]
[WhiteElo "1734"]
[BlackElo "1114"]
[PlyCount "53"]
[EventDate "2021.08.29"]

1. d4 Nf6 2. Nf3 d5 3. e3 Bg4 4. Bd3 Nc6 5. c3 e6 6. O-O Bd6 7. Nbd2 O-O 8. e4
Nxe4 9. Nxe4 dxe4 10. Bxe4 Qd7 11. Bxh7+ Kh8 12. Bc2 g6 13. h3 Bxh3 14. gxh3 e5
15. Kg2 Kg7 16. dxe5 Rh8 17. Rh1 Rh5 18. exd6 Rah8 19. Ng1 Ne5 20. Bf4 Qc6+ 21.
Nf3 Nd7 22. Qd4+ Nf6 23. Rae1 g5 24. Be4 Qd7 25. Bxg5 Kg8 26. Qxf6 Rxh3 27.
Qd8+ 1-0

[Event "Veletrzni turnaj 2021"]
[Site "Brno"]
[Date "2021.08.29"]
[Round "1.22"]
[White "Teply, Jan"]
[Black "Blazek, Pavel"]
[Result "0-1"]
[WhiteElo "1063"]
[BlackElo "1728"]
[PlyCount "80"]
[EventDate "2021.08.29"]

1. e4 e5 2. Nf3 Nc6 3. Bc4 Bc5 4. c3 Nf6 5. d4 exd4 6. cxd4 Bb4+ 7. Bd2 Bxd2+
8. Nbxd2 d5 9. exd5 Nxd5 10. Qb3 Nce7 11. O-O O-O 12. Rfe1 c6 13. a4 Qb6 14.
Qc2 Bf5 15. Qc1 a5 16. Re5 Be6 17. Nb3 Ng6 18. Re1 Ndf4 19. Qc2 Bxc4 20. Qxc4
Nd5 21. Ne5 Rfe8 22. Re2 Qb4 23. Qxb4 axb4 24. Rae1 Rxa4 25. h3 Ngf4 26. Re4 f5
27. Nc5 Ra2 28. Rxf4 Nxf4 29. Rd1 Ne2+ 30. Kh2 Nxd4 31. Rxd4 Rxe5 32. Nxb7 Rd5
33. Rxb4 Rb5 34. Rxb5 cxb5 35. Nd6 Rxb2 36. Nxf5 Rxf2 37. Nd4 b4 38. Nb3 Rb2
39. Nc5 b3 40. Nxb3 Rxb3 0-1

[Event "Veletrzni turnaj 2021"]
[Site "Brno"]
[Date "2021.08.29"]
[Round "1.23"]
[White "Jurak, Stanislav"]
[Black "Kubatova, Beta"]
[Result "1-0"]
[WhiteElo "1728"]
[BlackElo "1049"]
[PlyCount "157"]
[EventDate "2021.08.29"]

1. d4 d5 2. c4 c6 3. Nc3 Nf6 4. e3 g6 5. Nf3 Bg7 6. Bd3 O-O 7. O-O Be6 8. cxd5
cxd5 9. b3 Nc6 10. Bb2 Rc8 11. Rc1 Nb4 12. Bb1 Qd7 13. Qd2 Nc6 14. Na4 Rfd8 15.
Nc5 Qc7 16. Nxe6 fxe6 17. a3 Rf8 18. b4 Qb6 19. Bd3 a6 20. Rc2 Qd8 21. Rfc1 Qd7
22. h3 Rc7 23. Ne5 Qd6 24. Nxc6 Rxc6 25. Rxc6 bxc6 26. f3 Ra8 27. Qc2 Rc8 28.
Qa4 Bh6 29. f4 Nd7 30. Qxa6 Bg7 31. Qa4 Nf6 32. Bc3 Ne4 33. Bxe4 dxe4 34. Be1
Qd7 35. Qc2 Qb7 36. Qxe4 Qd7 37. a4 Bf6 38. a5 Rc7 39. g4 Qc8 40. Kg2 Bg7 41.
g5 Qd7 42. Rc5 Qd6 43. Qc2 Rc8 44. b5 Qb8 45. b6 Qb7 46. Bb4 Kf7 47. Kg3 Kg8
48. Rc3 Kf8 49. Bc5 Qa6 50. Qd3 Qb7 51. a6 Qd7 52. Qe4 Kf7 53. b7 Rb8 54. a7
Qxb7 55. axb8=Q Qxb8 56. Ba3 Qd8 57. Rxc6 Qd7 58. Rb6 Qc8 59. Bc5 Qd7 60. Rb7
Qd5 61. Rxe7+ Kg8 62. Qxe6+ Qxe6 63. Rxe6 Kf7 64. Re7+ Kg8 65. Rxg7+ Kxg7 66.
e4 Kf7 67. d5 Ke8 68. e5 Kd7 69. e6+ Kc7 70. d6+ Kc6 71. d7 Kxc5 72. d8=Q Kc4
73. e7 Kc5 74. e8=R Kc4 75. Qd7 Kc5 76. Rc8+ Kb6 77. Qc6+ Ka5 78. Qb7 Ka4 79.
Ra8# 1-0

[Event "Veletrzni turnaj 2021"]
[Site "Brno"]
[Date "2021.08.29"]
[Round "1.24"]
[White "Kubatova, Ema"]
[Black "Prokop, Jiri"]
[Result "0-1"]
[WhiteElo "1005"]
[BlackElo "1684"]
[PlyCount "110"]
[EventDate "2021.08.29"]

1. d4 f5 2. Nf3 Nf6 3. g3 e6 4. Bg2 d5 5. O-O Bd6 6. e3 O-O 7. Nbd2 Nbd7 8. b3
Ne4 9. Bb2 c6 10. a3 Qc7 11. Rc1 Ndf6 12. Qe2 Qe7 13. b4 Nxd2 14. Nxd2 Ne4 15.
Nf3 Bd7 16. Rfd1 Rac8 17. c4 a6 18. cxd5 exd5 19. Re1 Be8 20. Qd3 g5 21. Rf1
Bg6 22. Qd1 Bh5 23. Qd3 Rf6 24. Rc2 Bg6 25. Bc3 f4 26. exf4 gxf4 27. gxf4 Nxc3
28. Qxc3 Bxc2 29. Qxc2 Rxf4 30. Qd3 Rcf8 31. Re1 Qg7 32. Re3 Rg4 33. Qf1 Qh6
34. h3 Qxh3 35. Ne5 Qxe3 36. fxe3 Rxf1+ 37. Kxf1 Bxe5 38. dxe5 Rxg2 39. Kxg2
Kf7 40. Kg3 Ke6 41. Kf4 h5 42. Kg5 Kxe5 43. Kxh5 Ke4 44. Kg4 Kxe3 45. Kf5 d4
46. Ke6 d3 47. Kd7 d2 48. Kc7 d1=Q 49. Kxb7 Qa4 50. Kb6 Kd4 51. Ka7 Kd5 52. Kb7
Kd6 53. Ka7 Kc7 54. Ka8 Qb5 55. Ka7 Qb7# 0-1

[Event "Veletrzni turnaj 2021"]
[Site "Brno"]
[Date "2021.08.29"]
[Round "2.1"]
[White "Rehurek, Karel"]
[Black "Fiala, Vaclav"]
[Result "0-1"]
[WhiteElo "1798"]
[BlackElo "2307"]
[PlyCount "70"]
[EventDate "2021.08.29"]

1. e4 c5 2. Nc3 d6 3. g3 Nc6 4. Bg2 g6 5. d3 Bg7 6. Be3 e6 7. Qc1 Rb8 8. Nf3 b5
9. O-O b4 10. Ne2 a5 11. d4 Ba6 12. Re1 Bxe2 13. Rxe2 Nxd4 14. Bxd4 cxd4 15. e5
Ne7 16. Nxd4 O-O 17. Nf3 Qc7 18. exd6 Qxd6 19. Rb1 Rbc8 20. Qd2 Rfd8 21. Qxd6
Rxd6 22. Ne5 Bxe5 23. Rxe5 Rxc2 24. Rxa5 Rdd2 25. Rf1 Rxb2 26. Ra8+ Kg7 27. a4
Nf5 28. Be4 Nd6 29. Bf3 Ra2 30. Rb8 Rxa4 31. Bc6 Ra6 32. Bb5 Raa2 33. Bc6 Rab2
34. Bf3 Nf5 35. Be4 Nd4 0-1

[Event "Veletrzni turnaj 2021"]
[Site "Brno"]
[Date "2021.08.29"]
[Round "2.2"]
[White "Glozar, Petr"]
[Black "Hrdlicka, Vladan"]
[Result "1-0"]
[WhiteElo "2110"]
[BlackElo "1769"]
[PlyCount "69"]
[EventDate "2021.08.29"]

1. e4 c6 2. d4 d5 3. exd5 cxd5 4. c4 Nf6 5. Nc3 g6 6. Nf3 Bg7 7. Bf4 O-O 8. c5
Nc6 9. Be2 Nh5 10. Be3 Re8 11. O-O Nf6 12. Ne5 Ne4 13. f4 Nxc3 14. bxc3 f6 15.
Nf3 Bf5 16. Nh4 Be4 17. f5 e5 18. fxg6 hxg6 19. Bd3 exd4 20. Bxd4 Nxd4 21. cxd4
f5 22. Bxe4 Rxe4 23. Nf3 g5 24. Rb1 Qe7 25. Qb3 Bxd4+ 26. Nxd4 Rxd4 27. Rxf5
Qxc5 28. Rxg5+ Kf8 29. Kh1 Rc8 30. Qf3+ Ke8 31. Re5+ Kd8 32. Qf6+ Kc7 33. Qf7+
Kc6 34. Re6+ Qd6 35. Rxd6+ 1-0

[Event "Veletrzni turnaj 2021"]
[Site "Brno"]
[Date "2021.08.29"]
[Round "2.3"]
[White "Zuziak, Petr"]
[Black "Volak, Simon"]
[Result "1/2-1/2"]
[WhiteElo "1797"]
[BlackElo "2035"]
[PlyCount "83"]
[EventDate "2021.08.29"]

1. d4 Nf6 2. Nf3 e6 3. e3 c5 4. Bd3 b6 5. O-O Bb7 6. Nbd2 Be7 7. b3 O-O 8. Bb2
d6 9. e4 cxd4 10. Bxd4 Nc6 11. c4 Nxd4 12. Nxd4 a6 13. Re1 Qc7 14. Rc1 Qc5 15.
N2f3 Ng4 16. h3 Ne5 17. Bb1 Bf6 18. Qd2 Rfd8 19. Qe3 Rac8 20. Nxe5 Qxe5 21.
Rcd1 Qc5 22. Qd3 g6 23. Nf3 b5 24. cxb5 axb5 25. Re2 b4 26. Rc2 Qb6 27. Rxc8
Rxc8 28. Qe2 d5 29. exd5 Bxd5 30. Ne5 Qb7 31. f4 Rc3 32. Bd3 Qa7+ 33. Kh2 Qc7
34. Rd2 Be7 35. Bc4 Bxc4 36. bxc4 Bd6 37. Rd4 g5 38. Qh5 gxf4 39. Rxd6 Qxd6 40.
Qxf7+ Kh8 41. Qf6+ Kg8 42. Qf7+ 1/2-1/2

[Event "Veletrzni turnaj 2021"]
[Site "Brno"]
[Date "2021.08.29"]
[Round "2.4"]
[White "Haupt, Jaromir"]
[Black "Tajovsky, Matej"]
[Result "0-1"]
[WhiteElo "1743"]
[BlackElo "2025"]
[PlyCount "118"]
[EventDate "2021.08.29"]

1. g3 Nf6 2. c4 c6 3. Nf3 d5 4. cxd5 cxd5 5. Bg2 Bg4 6. O-O e6 7. d4 Nbd7 8.
Nc3 Bd6 9. h3 Bxf3 10. Bxf3 Rc8 11. e4 dxe4 12. Nxe4 Nxe4 13. Bxe4 Qc7 14. Qf3
b6 15. Bg5 O-O 16. Rac1 Qb8 17. Bb7 Rxc1 18. Rxc1 h6 19. Bc6 hxg5 20. Bxd7 Rd8
21. Bb5 Be7 22. Rd1 Qd6 23. Qc6 Qxc6 24. Bxc6 Bf6 25. b4 Bxd4 26. Kg2 e5 27. b5
Kf8 28. Re1 f6 29. g4 Bc5 30. Re2 Ke7 31. Be4 Rd4 32. Kg3 Ke6 33. h4 gxh4+ 34.
Kxh4 Rb4 35. Rd2 Bd4 36. Kh5 Ke7 37. f3 Rxb5 38. Kg6 Rc5 39. Rh2 Be3 40. Kxg7
Bg5 41. Kg6 Ra5 42. Kf5 Kd6 43. Rc2 Rc5 44. Rb2 Rc4 45. Rd2+ Kc5 46. Ke6 b5 47.
Kd7 b4 48. Rh2 a5 49. Rh8 a4 50. Rc8+ Kd4 51. Rb8 Kc3 52. Ra8 b3 53. axb3 axb3
54. Rb8 b2 55. Bf5 Rb4 56. Rc8+ Kd2 57. Ke6 b1=Q 58. Rd8+ Ke2 59. Bxb1 Rxb1 0-1